| 000 | 02408nam a22003257a 4500 | ||
|---|---|---|---|
| 001 | 001410 | ||
| 003 | CoMeUDC001410 | ||
| 005 | 20250210222918.0 | ||
| 008 | 130821s2006 sp gr dspa | ||
| 020 | _a8423423840 | ||
| 020 |
_a842342393X _ccolección |
||
| 040 |
_aCO-UDECOLOMBIA _bspa _cCO-UDECOLOMBIA _dCO-UDECOLOMBIA |
||
| 041 | 0 | 0 | _aspa |
| 082 | 0 | 4 |
_a658.023 _bL913 |
| 100 | 1 | _aLowe, Janet | |
| 245 | 1 | 0 |
_aBill Gates habla : _bopiniones e ideas / _cJanet Lowe. |
| 260 | 3 |
_aBarcelona (España) : _bEdiciones Deusto, _c2006. |
|
| 300 |
_a260 p. ; _c24 cm. |
||
| 490 | 0 | _aLíderes del Management. | |
| 504 | _aIncluye referencias bibliográficas. | ||
| 505 | 0 | _aGates adolescente -- Avanzando por el cauce convencional -- De nuevo en la autopista de la alta tecnología -- El sistema gatesiano de gestión -- El modelo empresarial de Microsoft -- Las guerras informáticas -- Los errores de Microsoft -- Atacar el futuro -- Opiniones de otros -- Vivir en la cúspide -- Poco tiempo para el amor -- La nueva cultura de los ordenadores -- Gates opina sobre la vida -- La cuenta final -- Ficha cronológica de Bill Gates | |
| 520 | 8 | _aGates es un hombre popular que despierta la curiosidad mundial, ya que a lo largo de los años hemos sido testigos de la transformación de un incauto adolescente en un titán de los negocios. Sin lugar a dudas, la manera como creó el sistema operativo que se convertiría en un estándar mundial para millones de ordenadores es una historia de leyenda. Bill Gates Habla, revela lo que el personaje tiene que decir de casi todo: la forma de financiar una nueva empresa, cómo dirigir un holding, cómo desarrollar la tecnología, cómo hacer crecer a su empresa o aumentar su riqueza personal. A partir de diversas citas extraídas de sus charlas, artículos, ensayos, boletines de noticias y entrevistas, este libro engarza toda la información para crear una biografía emocionante, entretenida y de fácil lectura. [Tomado de contraportada] | |
| 600 | 1 | 4 |
_aGates, Bill _d1955- _vBiografías |
| 650 | 0 | 4 |
_aBiografías _97343 |
| 650 | 0 | 4 |
_aIndustria de Programas para computador _xHistoria _zEstados Unidos _917420 |
| 650 | 0 | 4 |
_aInformática _917593 |
| 650 | 0 | 4 |
_aTecnología de la información _xIndustria _xHistoria _zEstados Unidos _925136 |
| 765 | _tBill Gates speaks : insight from the world's greatest entrepreneur | ||
| 942 |
_cBK _2ddc _h658.023 L913 |
||
| 999 |
_c1147 _d1147 |
||